000 00619nam a2200241Ia 4500
003 OSt
005 20220924153628.0
006 a|||||r|||| 00| 0
007 ta
008 220923b |||||||| |||| 00| 0 tam d
024 _a351036
037 _cTextual
040 _aARTS
_cARTS
_btam
041 _2tam
_atam
082 _aO31,3N391x, P3P3
100 _aSubramaniam Kala Ed.
_9229413
245 0 _aPramil padaippugal
260 _c2003
300 _a467p.
_ccm.
650 _aTAMIL LANGUAGE
942 _hO31,3N391x, P3P3
_cTEXL
_2CC
999 _c474289
_d474289